[Event "Nicolo La Rosa op 15th"]
[Site "Mazara del Vallo"]
[Date "2007.08.10"]
[Round "1"]
[White "Alcide, Fabio"]
[Black "Nobile, Angelo"]
[Result "1-0"]
[WhiteElo "1595"]
[BlackElo "1413"]
[PlyCount "63"]
[EventDate "2007.08.10"]
[EventType "swiss"]
[EventRounds "6"]
[EventCountry "ITA"]
[SourceTitle "EXT 2011"]
[Source "ChessBase"]
[SourceDate "2010.11.26"]
[SourceVersion "1"]
[SourceVersionDate "2010.11.26"]
[SourceQuality "1"]

1. e4 e6 2. d4 d5 3. exd5 exd5 4. Bd3 Nc6 5. Ne2 Nge7 6. 0-0 Bf5 7. Bf4 g6 8. c3 Bg7 9. Re1 0-0 10. Ng3 Bxd3 11. Qxd3 Qd7 12. Nd2 Rfe8 13. Re2 Qg4 14. Bxc7 Bh6 15. Rae1 Bxd2 16. Qxd2 Rec8 17. Bd6 Nf5 18. Nxf5 Qxf5 19. Re3 Qd7 20. Bf4 Kf8 21. Bh6+ Kg8 22. Rf3 Ne7 23. Qf4 Nf5 24. Bg5 h6 25. Bxh6 Nxh6 26. Qxh6 Qg4 27. h3 Qd7 28. Rfe3 Re8 29. Qg5 Kf8 30. Qf6 Rxe3 31. Rxe3 Re8 32. Qh8# 1-0